TEAK in Sabah : A sustainable agroforestry :

Bibliographic Details
Format: Book
Published: Kota Kinabalu, Sabah : Sejati Sdn Bhd , 1995
Subjects:

MARC

LEADER 00000cam a2200000 7i4500
001 0000000494
005 20000823.0
020 0 0 |a 9839905406 
090 0 0 |a 634.97396095953   |b TEA 1995 
245 0 0 |a TEAK in Sabah :   |b A sustainable agroforestry :   |b The Harris Salleh experience 
260 0 0 |a Kota Kinabalu, Sabah :   |b Sejati Sdn Bhd ,   |c 1995 
300 |a xii, 77 p. :   |b col. ill. ;   |c 30 cm. 
500 0 0 |a Bibliography: [p. 73-74] and index 
650 0 0 |a Teak   |z Sabah 
999 |a 0000000508   |b Monograph   |c Open Shelf   |e Default branch